000 00943nas a2200301 4500
001 BR2013007570
003 BR-BrBNA
005 20231205122952.0
007 ta
008 230509b bl.|||p| |||| 00| 00por d
040 _aBR-BrBNA
_bpor
_cBiblioteca Nacional de Agricultura
041 _a(En)
072 _aH10
100 1 _aMacedo, M.P.
100 1 _aKosmann, C.
100 1 _aLuz, J.R.P.
245 1 _aOrigin of samples of Cannabis sativa through insect fragments associated with compacted hemp drug in South America
650 _aCANNABIS SATIVA
650 _aPLANTA PRODUTORA DE DROGA
650 _aINSETO
650 _aHETEROPTERO
650 _aENTOMOLOGIA
650 _aDISTRIBUIÇÃO GEOGRÁFICA
650 _aBIOLOGIA
773 0 _tRevista Brasileira de Entomologia (Brazil)
_xISSN 0085-5626
_g(Apr-Jun 2013), v. 57(2) p. 197-201
_wBR2013007570
909 _a202311
_bLúcia
_c55
_dLúcia Elande
942 _2AGRIS
_n0
_cANA
999 _c231519
_d231519